Kājaladīghira upakathā. (Record no. 55903)

MARC details
000 -LEADER
fixed length control field 00524cam a22002171 4500
001 - CONTROL NUMBER
control field sa 63004890
003 - CONTROL NUMBER IDENTIFIER
control field DLC
005 - DATE AND TIME OF LATEST TRANSACTION
control field 20260227111952.0
008 - FIXED-LENGTH DATA ELEMENTS--GENERAL INFORMATION
fixed length control field 940517s1962 ii 000 1 beno
010 ## - LIBRARY OF CONGRESS CONTROL NUMBER
LC control number sa 63004890
025 ## - OVERSEAS ACQUISITION NUMBER
Overseas acquisition number PL480:EP-B-39
035 ## - SYSTEM CONTROL NUMBER
System control number (OCoLC)30451184
040 ## - CATALOGING SOURCE
Original cataloging agency DLC
Transcribing agency CU
Modifying agency CU
-- DLC
050 00 - LIBRARY OF CONGRESS CALL NUMBER
Classification number PK1730.12.B27
Item number K3
100 1# - MAIN ENTRY--PERSONAL NAME
Personal name Abdullah, Badrunnesa.
245 10 - TITLE STATEMENT
Title Kājaladīghira upakathā.
260 ## - PUBLICATION, DISTRIBUTION, ETC.
Date of publication, distribution, etc. [1962]
300 ## - PHYSICAL DESCRIPTION
Extent 116 p.
Dimensions 22 cm.
500 ## - GENERAL NOTE
General note In Bengali.
500 ## - GENERAL NOTE
General note A novel.

No items available.

Powered by Koha